00462 a2200157 4500003000400000005001700004008004100021020001500062040000900077082002100086100001900107245010700126250001200233260004900245300001000294OSt20240130124923.0240130b |||||||| |||| 00| 0 eng d a8182712785 coclc a909.09821bPER/S aPereira, Winin aSamrajyatwa Bheekaratha: Charithram Varthamanam= Global Parasites /cWinin Pereira and Jeremy Seabrook a2nd ed. aKozhikode:bIslamic Publishing House,c2007. a192p.